Selambut, wa pepet, kepit sodok (Pahang) (Record no. 64417)

MARC details
000 -LEADER
fixed length control field 00828nam a2200265 i 4500
001 - CONTROL NUMBER
control field C2-0251182
003 - CONTROL NUMBER IDENTIFIER
control field PPAK
005 - DATE AND TIME OF LATEST TRANSACTION
control field 20180727214654.0
008 - FIXED-LENGTH DATA ELEMENTS--GENERAL INFORMATION
fixed length control field 030813s2003 my a|||| ||||| | may d
020 ## - INTERNATIONAL STANDARD BOOK NUMBER
International Standard Book Number 9830782220
040 ## - CATALOGING SOURCE
Original cataloging agency PPAK
Language of cataloging eng
Transcribing agency PPAK
Description conventions rda
082 04 - DEWEY DECIMAL CLASSIFICATION NUMBER
Classification number 394.309595123
Edition number 23
090 00 - LOCALLY ASSIGNED LC-TYPE CALL NUMBER (OCLC); LOCAL CALL NUMBER (RLIN)
Classification number (OCLC) (R) ; Classification number, CALL (RLIN) (NR) 394.309595123
Feature heading SEL
Feature heading K
245 00 - TITLE STATEMENT
Title Selambut, wa pepet, kepit sodok (Pahang)
264 #1 - PRODUCTION, PUBLICATION, DISTRIBUTION, MANUFACTURE, AND COPYRIGHT NOTICE
Place of production, publication, distribution, manufacture Petaling Jaya, Selangor :
Name of producer, publisher, distributor, manufacturer Pustaka Murni ,
Date of production, publication, distribution, manufacture, or copyright notice 2003
300 ## - PHYSICAL DESCRIPTION
Extent 48 pages :
Other physical details illustrations ;
Dimensions 26 cm
336 ## - CONTENT TYPE
Source rdacontent
Content type term text
337 ## - MEDIA TYPE
Source rdamedia
Media type term unmediated
338 ## - CARRIER TYPE
Source rdacarrier
Carrier type term volume
490 1# - SERIES STATEMENT
Series statement Warisan permainan dan kebudayaan
650 10 - SUBJECT ADDED ENTRY--TOPICAL TERM
Topical term or geographic name entry element Games - Pahang ; Malays - Pahang - Social life and customs
700 0# - ADDED ENTRY--PERSONAL NAME
Personal name Rosnah Din,
Relator term compile
830 #0 - SERIES ADDED ENTRY--UNIFORM TITLE
Uniform title Warisan permainan dan kebudayaan
942 ## - ADDED ENTRY ELEMENTS (KOHA)
-- dc
Koha item type Book
Holdings
Withdrawn Not for loan Current library Shelving location Date acquired Full call number Barcode Date last seen Koha item type
    Perpustakaan Awam Sungai Petani Pinjaman Kanak-kanak 13/08/2003 K 394.309595123 SEL A01054479 08/05/2018 Book
    Perpustakaan Kulim Pinjaman Kanak-kanak 13/08/2003 K 394.309595123 SEL A01054480 08/05/2018 Book